LEADER 01122nam0-2200325---450- 001 990009436050403321 005 20110928143103.0 035 $a000943605 035 $aFED01000943605 035 $a(Aleph)000943605FED01 035 $a000943605 100 $a20110928d1887----km-y0itay50------ba 101 1 $afre$cger 102 $aBE 105 $aa-------001yy 200 1 $a<>microorganismes$eétudiés spécialement au point de vue de l'étiologie des maladies infectieuses$fpar le Dr. C. Flügge$gtraduit de l'allemand d'après la 2e éd. par F. Henrijean$gpréface par C. Firket 210 $aBruxelles$cA. Manceaux$d1887 215 $a644 p.$cill.$d24 cm 454 0$12001$a<>Mikroorganismen$emit besonderer Berücksichtigung der Aetiologie der Infectionskrankheiten$913562 610 0 $aMicrorganismi 700 1$aFlügge,$bCarl$0512944 702 1$aHenrijean,$bFrançois 702 1$aFirket,$bC. 801 0$aIT$bUNINA$gRICA$2UNIMARC 901 $aBK 912 $a990009436050403321 952 $a57 A 8$b3461$fDMVAP 959 $aDMVAP 996 $aMikroorganismen$913562 997 $aUNINA